00554nam a22001697a 450000500170000001000150001702000260003203500140005803700130007208200100008510000230009524500740011826000410019227000790023330000330031250000390034520181003113737.0 aENG-124157 a9789386446626c550.00 aEN-107689 bDBAD/PUB00a172.2 aUpadhyay, Ranvijay10aEthics, integrity, and aptitude in governance /cby Ranvijay Upadhyay aNew Delhi bSAGE Publications,c2018 aB1/I-1 Mohan Cooperative Industrial Area, Mathura RoadbNew Delhi e110044 axviii,550p.(I-1)c25cm.(pbk) aIt includes case studies and index